| 000 | 00513nam a22001937a 4500 | ||
|---|---|---|---|
| 003 | OSt | ||
| 005 | 20140310181735.0 | ||
| 008 | 130320t xxu||||| |||| 00| 0 eng d | ||
| 020 | _a0842314660 | ||
| 050 |
_aHM132 _b.P355 1996 |
||
| 082 |
_aHM132 _b.P355 1996 |
||
| 245 |
_aHigh-maintenance relationships _cLes Parrott III |
||
| 260 |
_aWheaton, Ill _bTyndale House Publishers _cc1996 |
||
| 300 |
_a212 p. _bill. _c24 cm. |
||
| 521 | _aTeachers | ||
| 541 | _j1 | ||
| 562 | _e1 | ||
| 942 |
_2lcc _cBK-TR _kTR |
||
| 999 |
_c2565 _d2565 |
||